Statistics for Phoebe Bridgers - Demi Moore (Lyrics)

Click here to take the quiz!

General Stats

  • This quiz has been taken 37 times
  • The average score is 98 of 116

Answer Stats

Answer% Correct
a
100%
I
100%
babe
96%
face
96%
miss
96%
picture,
96%
Take
96%
you
96%
your
96%
and
92%
anymore
92%
be
92%
dirty
92%
do
92%
do,
92%
to
92%
wanna
92%
alone
88%
can't
88%
can't
88%
me
88%
Now
88%
sleep
88%
Tell
88%
what
88%
breathe
83%
don't
83%
Don't
83%
go
83%
I'm
83%
too
83%
It
79%
on
79%
please
79%
stoned
79%
the
79%
tired
79%
was
79%
got
75%
quiet
75%
you'll
75%
couldn't
71%
good
71%
Laughed
71%
my
71%
Said
71%
until
71%
coming
67%
doesn't
67%
in
67%
In
67%
knees
67%
line
67%
other
67%
sun
67%
up,
67%
feeling
63%
hands
63%
I've
63%
often
63%
very
63%
happen
58%

Score Distribution

Percentile by Number Answered

Percent of People with Each Score

Your Score History

You have not taken this quiz